000 00544nam a2200157Ia 4500
008 100122s9999 xx 000 0 und d
082 _b30518
_a823
100 _aअष्टीकर मंदाकिनी
245 _aअशी खंत होती स्मृतीला
250 _a1
260 _bसदानंद प्रकाशन
_c1981
300 _a172
630 _aअशी खंत होती स्मृतीला
730 _aअशी खंत होती स्मृतीला
942 _cBOOK
999 _c415349
_d415346